LIBRARY & INFORMATION CENTRE, KCAET, TAVANUR

ONLINE PUBLIC ACCESS CATALOGUE (OPAC)

Electronic devices and circuit analysis / (Record no. 13156)

MARC details
000 -LEADER
fixed length control field 00375cam a2200145ua 4500
003 - CONTROL NUMBER IDENTIFIER
control field OSt
008 - FIXED-LENGTH DATA ELEMENTS--GENERAL INFORMATION
fixed length control field 250104b |||||||| |||| 00| 0 eng d
041 ## - LANGUAGE CODE
Language code of text/sound track or separate title eng
082 ## - DEWEY DECIMAL CLASSIFICATION NUMBER
Classification number 621.381
Item number LAL/EL
100 ## - MAIN ENTRY--AUTHOR NAME
Personal name Kishore , Lal K .
245 ## - TITLE STATEMENT
Title Electronic devices and circuit analysis /
260 ## - PUBLICATION, DISTRIBUTION, ETC. (IMPRINT)
Place of publication :
Name of publisher B S P Professional books ,
Year of publication 2004.
300 ## - PHYSICAL DESCRIPTION
Number of Pages 844 ; .
942 ## - ADDED ENTRY ELEMENTS (KOHA)
Koha item type Books
Holdings
Withdrawn status Lost status Damaged status Home library Current library Date acquired Full call number Accession Number Koha item type
      KAUAET KAUAET 07/04/2012 621.381 LAL/EL 21443 Books
free website counter